000 00305nam a22001337a 4500
008 170627b xxu||||| |||| 00| 0 eng d
020 _a9780801481116
041 _aeng
080 _a32
100 _a21
101 _aSHP
245 _aJOHN DEWEY AND AMERICAN DEMOCRACY
_cWESTBROOK,R.B
942 _2udc
_cBK
999 _c19159
_d19159